Rozpoznasz polskiego rapera po zdjęciu? - Statystyki

Ogólne statystyki
  • Ten quiz został rozwiązany 418 razy
  • Średni wynik to 15 z 20
Statystyki odpowiedzi
Obrazkowy Odpowiedź % Poprawnych
Białas
93%
Mata
93%
Bedoes
89%
ReTo
89%
White 2115
88%
Kinny Zimmer
85%
Oki
83%
Szpaku
83%
Żabson
83%
Słoń
78%
Jan Rapowanie
76%
Borixon
70%
Mr. Polska
67%
Kękę
63%
Tede
63%
Kukon
62%
Lanek
60%
Pezet
59%
Beteo
55%
Chada
54%
Nie znaleziono quizów pasujących do podanych kryteriów
Rozkład punktacji
Procent ludzi z każdym wynikiem
Percentyl według liczby udzielonych odpowiedzi
Twoja historia wyników
Nie rozwiązałeś tego quizu